| 000 | 00352nam a2200145Ia 4500 | ||
|---|---|---|---|
| 008 | 240624s9999 xx 000 0 und d | ||
| 041 | _aeng | ||
| 082 | _a332.632220973 SHI | ||
| 100 | _aSHILLER ROBERT J | ||
| 245 | _aIRRATIONAL EXUBERANCE | ||
| 250 | _a(2nd ed.) | ||
| 260 |
_c2006 _aNew York _bCrown Business |
||
| 300 | _a336 : p. | ||
| 365 |
_c _b29 |
||
| 999 |
_c18164 _d18164 |
||